| 000 | 00422nam a2200145Ia 4500 | ||
|---|---|---|---|
| 008 | 220217s9999||||xx |||||||||||||| ||und|| | ||
| 020 | _a978-81-317-6459-6 | ||
| 082 | _a621.3815 BOY | ||
| 100 | _aBoylestad, Robert, L Nashelsky, Louis | ||
| 245 | 0 | _aElectronic devices and circuit theory | |
| 250 | _a10 | ||
| 260 |
_aPearson education of asia _bNew Delhi _c2012 |
||
| 300 |
_aXV, 892p. _b540 |
||
| 650 | _aCIRCUIT | ||
| 999 |
_c183578 _d183578 |
||